02324cam a2200505 i 450000100090000000300040000900500170001300800410003001000170007102000180008802000300010602000270013604000280016304200080019104300210019905000210022008200170024108400450025810000260030324501050032925000350043426400410046930000450051033600210055533700250057633800230060150001150062450500820073952002050082160000550102660000290108165000460111065000390115665000590119565000510125465000440130565100470134965100540139665100550145085600820150590600450158794200400163295201290167299900170180117977838OSt20231009132228.0131220s2014 nyuab 000 0deng  a 2013048438 a9781914198502 a9780062309969 (paperback) a006230996X (paperback) aDLCbengcDLCerdadDLC apcc an-us-mnan-cn-on00aE99.C6bE63 201400a971.3bERD/B aBIO026000aTRV026090aTRV0100002bisacsh1 aErdrich, Louise9971410aBooks and islands in Ojibwe country :btraveling through the land of my ancestors /cLouise Erdrich. aFirst Harper Perennial edition 1aNew York :bHarper Perennial,c2014. a151 pages :billustrations, map ;c21 cm atext2rdacontent aunmediated2rdamedia avolume2rdacarrier a"A hardcover edition of this book was published in 2003 by the National Geographic Society"--Title page verso.0 aBooks and Islands -- Islands -- Rock Paintings -- Books -- Home -- Afterword.2 a"An account of Louise Erdrich's trip through the lakes and islands of southern Ontario with her 18-month old baby and the baby's father, an Ojibwe spiritual leader and guide"--cProvided by publisher.10aErdrich, LouisexTravelzLake of the Woods Region.10aErdrich, LouisexFamily. 0aOjibwa IndianszLake of the Woods Region. 0aIslandszLake of the Woods Region. 7aBIOGRAPHY & AUTOBIOGRAPHY / Personal Memoirs.2bisacsh 7aTRAVEL / Special Interest / Literary.2bisacsh 7aTRAVEL / Essays & Travelogues.2bisacsh 0aLake of the WoodsxDescription and travel. 0aLake of the Woods RegionxDescription and travel. 0aLake of the Woods RegionxSocial life and customs.423Cover imageuwww.harpercollins.com/harperimages/isbn/tiff/9/9780062309969.tif a7bcbccorignewd1eecipf20gy-gencatlg 2ddccBKh971.3iERD/Lk971.3mERD/L 00102ddc40708NFICaMESbMEScENGd2023-10-09l0o971.3 ERD/Bp42830r2023-10-09 13:21:42v799.00w2023-10-09yBKzGR16R3 c42598d42598